Straightforward: pre-intermediate. Student's book
Saved in:
| Main Author: | |
|---|---|
| Format: | Book |
| Language: | English |
| Published: |
Oxford
Macmillan Education
2005
|
| Edition: | 1a. ed |
| Subjects: | |
| Tags: |
Add Tag
No Tags, Be the first to tag this record!
|
MARC
| LEADER | 00000cam a2200000 a 4500 | ||
|---|---|---|---|
| 001 | UCF0406 | ||
| 003 | CL-VaPUC | ||
| 008 | 120517e20050000UK |||||||||||||||||eng|d | ||
| 020 | |a 9780230020795 | ||
| 082 | 0 | 4 | |a 428 |b KER |2 21 |
| 100 | 0 | |a Kerr, Philip |e author |9 562212 | |
| 245 | 1 | 0 | |a Straightforward: pre-intermediate. Student's book |
| 250 | |a 1a. ed | ||
| 300 | |a 159 p | ||
| 942 | |c BK | ||
| 945 | |d 20120517 00:00:00 |a cmena | ||
| 260 | |a Oxford |b Macmillan Education |c 2005 | ||
| 500 | |a Incluye Cd-Rom: Straightforward, pre-intermediate, with extra practice and language games, by Nick Lloyd | ||
| 650 | 0 | |a Educación lingüística |9 306506 | |
| 650 | 0 | |a Métodos de enseñanza |9 270413 | |
| 650 | 0 | |a Enseñanza del inglés |9 367340 | |
| 650 | 0 | |a Lengua inglesa |9 318842 | |
| 650 | 0 | |a Libros de texto |9 270019 | |
| 583 | |a last modification |c 20121105 12:39:05 |k Rodrigo Vera | ||
| 999 | |c 347736 |d 347734 | ||
| 952 | |0 0 |1 0 |4 0 |6 428_000000000000000_KER_2005 |7 0 |8 A |9 449266 |a BIBEDU |b BIBEDU |d 2019-11-22 |i 486820K |l 1 |o 428 KER 2005 |p 486820K |r 2023-08-23 |s 2023-08-23 |w 2019-11-22 |y BK |k LIT | ||
| 952 | |0 0 |1 0 |4 0 |6 428_000000000000000_KER_2005 |7 0 |8 A |9 449267 |a BIBEDU |b BIBEDU |d 2019-11-22 |i 4868218 |l 1 |o 428 KER 2005 |p 4868218 |r 2023-08-23 |s 2023-08-23 |w 2019-11-22 |y BK |k LIT | ||
| 952 | |0 0 |1 0 |4 0 |6 428_000000000000000_KER_2005 |7 0 |8 A |9 449268 |a BIBEDU |b BIBEDU |d 2019-11-22 |i 4868226 |l 2 |o 428 KER 2005 |p 4868226 |r 2024-04-23 |s 2024-04-22 |w 2019-11-22 |y BK |k LIT | ||